| 000 | 00665nam a2200217 a 4500 | ||
|---|---|---|---|
| 003 | MX-MxUPN | ||
| 005 | 20241001063926.0 | ||
| 008 | 991125s1923 fr r 000 0 fre d | ||
| 035 | _aUPN01000005136 | ||
| 040 |
_aMX-MxUPN _bspa _cMX-MxUPN |
||
| 041 | 0 | _aspa | |
| 050 | 1 | 4 |
_aLB1169 _bB5.2 |
| 100 | 1 | _aBillotey, D. | |
| 245 | 1 | 0 |
_aAutour de l'école maternelle : _bnotes et impressions |
| 260 |
_aParís : _bF. Nathan, _c1923. |
||
| 300 | _a297 páginas | ||
| 490 | 0 | _aBibliothéque des educateurs | |
| 650 | 4 |
_aEducación de niños _95387 |
|
| 710 | 2 |
_aInstituto Nacional de Investigación Educativa (México) _epropietario anterior _928086 |
|
| 942 |
_2lcc _cLIBRO |
||
| 999 |
_c5136 _d5136 |
||